Quantitative techniques (Record no. 31954)
[ view plain ]
| 000 -LEADER | |
|---|---|
| fixed length control field | 00532nam a2200193Ia 4500 |
| 001 - CONTROL NUMBER | |
| control field | 32193 |
| 008 - FIXED-LENGTH DATA ELEMENTS--GENERAL INFORMATION | |
| fixed length control field | 140417s9999 xx 000 0 und d |
| 020 ## - INTERNATIONAL STANDARD BOOK NUMBER | |
| International Standard Book Number | 81-317-0186-7 |
| 040 ## - CATALOGING SOURCE | |
| Transcribing agency | PK-LaUMT |
| 082 ## - DEWEY DECIMAL CLASSIFICATION NUMBER | |
| Classification number | 657.076 |
| Item number | TUL-Q |
| 100 ## - MAIN ENTRY--PERSONAL NAME | |
| Personal name | Pandey, Vishal |
| 245 ## - TITLE STATEMENT | |
| Title | Quantitative techniques |
| Remainder of title | theory and problems |
| Statement of responsibility, etc | Pandey, Vishal<>Tulsian, P. C. |
| 260 ## - PUBLICATION, DISTRIBUTION, ETC. (IMPRINT) | |
| Place of publication, distribution, etc | Delhi,India: |
| Name of publisher, distributor, etc | Pearson Education, |
| Date of publication, distribution, etc | 2006 |
| 300 ## - PHYSICAL DESCRIPTION | |
| Extent | var p. |
| 546 ## - LANGUAGE NOTE | |
| Language note | EN |
| 650 ## - SUBJECT ADDED ENTRY--TOPICAL TERM | |
| Topical term or geographic name as entry element | Accofunting-Mathematical models |
| 700 ## - ADDED ENTRY--PERSONAL NAME | |
| Personal name | Tulsian, P. C. |
| 942 ## - ADDED ENTRY ELEMENTS (KOHA) | |
| Koha item type | Books |
| Withdrawn status | Lost status | Damaged status | Not for loan | Home library | Current library | Date acquired | Total Checkouts | Full call number | Barcode | Date last seen | Price effective from | Koha item type |
|---|---|---|---|---|---|---|---|---|---|---|---|---|
| UMT Main Campus | UMT Main Campus | 2014-04-17 | 657.076 TUL-Q | 39474 | 2014-05-03 | 2014-05-03 | Books |
